History Quiz

Random History or Politics Quiz

Premiers of the Netherlands Quiz Stats

 Plays Quiz not verified by Sporcle

Support Sporcle.
Go Orange.
Score 0/50 Timer 19:00
0 Plays Today
Years Premier % Correct
1994-2002Wim Kok
100%
2002-2010Jan Peter Balkenende
100%
2010-presentMark Rutte
97.2%
1982-1994Ruud Lubbers
88.9%
1973-1977Joop den Uyl
83.3%
1948-1958Willem Drees
77.8%
1977-1982Dries van Agt
77.8%
1967-1971Piet de Jong
66.7%
1849-1853Johan Rudolph Thorbecke
63.9%
1862-1866Johan Rudolph Thorbecke
63.9%
1871-1872Johan Rudolph Thorbecke
63.9%
1926-1926Hendrikus Colijn
50%
1933-1939Hendrikus Colijn
50%
1971-1973Barend Biesheuvel
50%
1940-1945 (in exile)Pieter Sjoerds Gerbrandy
47.2%
1965-1966Jo Cals
47.2%
1966-1967Jelle Zijlstra
47.2%
1959-1963Jan de Quay
38.9%
1963-1965Victor Marijnen
36.1%
1945-1946Wim Schermerhorn
33.3%
1946-1948Louis Beel
33.3%
1958-1959Louis Beel
33.3%
1901-1905Abraham Kuyper
30.6%
1913-1918Pieter Cort van der Linden
27.8%
1926-1929Dirk Jan de Geer
27.8%
Years Premier % Correct
1939-1940Dirk Jan de Geer
27.8%
1848Gerrit Schimmelpennick
25%
1918-1925Charles Ruijs de Beerenbrouck
25%
1929-1933Charles Ruijs de Beerenbrouck
25%
1872-1874Gerrit de Vries
22.2%
1874-1877Jan Heemskerk
22.2%
1883-1888Jan Heemskerk
22.2%
1908-1913Theo Heemskerk
22.2%
1853-1856Floris Adriaan van Hall
19.4%
1860-1861Floris Adriaan van Hall
19.4%
1897-1901Nicolaas Pierson
19.4%
1877-1879Jan Kappeyne van de Coppello
16.7%
1888-1891Æneas Mackay
16.7%
1848-1849Jacobus Mattheüs de Kempenaar
13.9%
1856-1858Justinus van der Brugghen
13.9%
1858-1860Jan Jacob Rochussen
13.9%
1861Jacob van Zuylen van Nijevelt
13.9%
1861-1862Schelto van Heemstra
13.9%
1866-1868Julius van Zuylen van Nijevelt
13.9%
1894-1897Joan Röell
13.9%
1905-1908Theo de Meester
13.9%
1866Isaäc Dignus Fransen van der Putte
11.1%
1868-1871Pieter Philip van Bosse
11.1%
1879-1883Constantijn Theodoor van Lynden van Sandenburg
11.1%
1891-1894Gijsbert van Tienhoven
11.1%

You're not logged in!

Compare scores with friends on all Sporcle quizzes.
OR
Log In

From the Vault

Click the Country: 'C' Cities

by beforever

We'd be happy if all of these cities bordered a sea. Alas, we can't have everything.
Remove Ads.
Support Sporcle.
Get the best of Sporcle when you Go Orange. This ad-free experience offers more features, more stats, and more fun while also helping to support Sporcle. Thank you for becoming a member.

Show Comments

Extras

Top Quizzes Today


Score Distribution

Your Account Isn't Verified!

In order to create a playlist on Sporcle, you need to verify the email address you used during registration. Go to your Sporcle Settings to finish the process.

Report this User

Report this user for behavior that violates our Community Guidelines.

Details: